Visszatartási jog restitutio in integrum esetében

Elmentve itt :
Bibliográfiai részletek
Szerző: Vági József
Dokumentumtípus: Cikk
Megjelent: 1931
Sorozat:Polgári jog : a hazai és külföldi magánjog és hiteljog szemléje 7
Kulcsszavak:Kötelmi jog adásvétel
Online Access:http://misc.bibl.u-szeged.hu/15270
LEADER 00619nab a2200169 i 4500
001 misc15270
005 20191106142553.0
008 170607s1931 hu o 0|| hun d
040 |a SZTE Miscellanea Repozitórium  |b hun 
041 |a hun 
100 1 |a Vági József 
245 1 0 |a Visszatartási jog restitutio in integrum esetében  |h [elektronikus dokumentum] /  |c  Vági József 
260 |c 1931 
300 |a 455a 
490 0 |a Polgári jog : a hazai és külföldi magánjog és hiteljog szemléje  |v 7 
695 |a Kötelmi jog adásvétel 
856 4 0 |u http://misc.bibl.u-szeged.hu/15270/1/polgari_jog_1931_455a.pdf  |z Dokumentum-elérés